[Event "Russian Championship B13 1st league 2016"]
[Site "Loo"]
[Date "2016.04.23"]
[Round "4.15"]
[White "Aralovetc, Mikhail"]
[Black "Polyakov, Anton"]
[Result "1-0"]
[WhiteElo "1625"]
[BlackElo "1799"]
[PlyCount "71"]
[EventDate "2016.04.20"]

1. e4 e5 2. Nf3 Nc6 3. Bb5 a6 4. Ba4 b5 5. Bb3 Nf6 6. Qe2 d6 7. Nc3 Na5 8. O-O
c5 9. Bd5 Nxd5 10. Nxd5 Be7 11. c3 Nc6 12. h3 O-O 13. Rd1 Bf6 14. d3 Be6 15.
Nxf6+ Qxf6 16. Bg5 Qg6 17. Qe3 f6 18. Bh4 Bxh3 19. Bg3 Bg4 20. Rd2 Qh5 21. Nh2
Bd7 22. f4 Qh6 23. Qf2 f5 24. Rf1 fxe4 25. dxe4 exf4 26. Bxf4 g5 27. Qg3 Kh8
28. Bxg5 Rxf1+ 29. Nxf1 Qg7 30. Rxd6 Rf8 31. Qh4 Qf7 32. Bf6+ Kg8 33. Ne3 h5
34. Qg5+ Kh7 35. Nf5 Bxf5 36. Qxf5+ 1-0

[Event "Russian Championship B13 1st league 2016"]
[Site "Loo"]
[Date "2016.04.23"]
[Round "4.16"]
[White "Zhukov, Anton"]
[Black "Kryukov, Alexey"]
[Result "1/2-1/2"]
[WhiteElo "1767"]
[BlackElo "1617"]
[PlyCount "112"]
[EventDate "2016.04.20"]

1. d4 Nf6 2. c4 e6 3. g3 Bb4+ 4. Bd2 Qe7 5. Bg2 Nc6 6. Nf3 Bxd2+ 7. Qxd2 d6 8.
Nc3 e5 9. d5 Nb8 10. e4 Bg4 11. O-O Bxf3 12. Bxf3 Nbd7 13. b4 O-O 14. Bg2 Nb6
15. Qe2 a5 16. a3 Ra6 17. Rac1 axb4 18. axb4 Rfa8 19. c5 Na4 20. Nxa4 Rxa4 21.
Qb5 R8a7 22. cxd6 Qxd6 23. Qc5 Qxc5 24. bxc5 h6 25. Rfd1 Ra8 26. f3 Rd8 27. c6
bxc6 28. Rxc6 Ra7 29. f4 Re8 30. fxe5 Rxe5 31. Rdc1 Nxe4 32. Rxc7 Rxc7 33. Rxc7
Kf8 34. Bxe4 Rxe4 35. d6 Ke8 36. Rc8+ Kd7 37. Rf8 Kxd6 38. Rxf7 g5 39. Kf2 Re6
40. Kf3 Ke5 41. Kg4 Ke4 42. Kh5 Rd6 43. Rh7 Rd2 44. h3 Rd3 45. Kg4 Rd6 46. Re7+
Kd5 47. h4 gxh4 48. Kxh4 Re6 49. Rf7 Ke5 50. Kh5 Ke4 51. Rf1 Ra6 52. g4 Rb6 53.
Rf8 Ra6 54. Rh8 Kf4 55. Rxh6 Rxh6+ 56. Kxh6 Kxg4 1/2-1/2

[Event "Russian Championship B13 1st league 2016"]
[Site "Loo"]
[Date "2016.04.23"]
[Round "4.17"]
[White "Kozlov, Denis"]
[Black "Shoshin, Kirill"]
[Result "0-1"]
[WhiteElo "1617"]
[BlackElo "1746"]
[PlyCount "110"]
[EventDate "2016.04.20"]

1. d4 Nf6 2. Bf4 d5 3. e3 Bf5 4. Nf3 e6 5. Bd3 c6 6. Nbd2 Bd6 7. Bg3 O-O 8. Ne5
Ne4 9. Bxe4 Bxe4 10. Nxe4 dxe4 11. O-O Bxe5 12. Bxe5 f5 13. c4 Nd7 14. Bd6 Rf6
15. Qb3 b6 16. Rfd1 Kh8 17. Rac1 Rg6 18. Qc3 Qg5 19. Bg3 h5 20. h4 Qe7 21. b4
Kh7 22. Rd2 Rg4 23. Rcd1 g5 24. d5 cxd5 25. cxd5 e5 26. d6 Qg7 27. hxg5 Qxg5
28. Qc4 Rg8 29. Qe6 Rg7 30. Qe7 Rxe7 31. dxe7 Nf6 32. Rd7 Ne8 33. Rd8 Qg6 34.
Rc8 Qf7 35. Rdd8 Qxe7 36. Rxe8 Qg7 37. Rf8 h4 38. Rh8+ Qxh8 39. Rxh8+ Kxh8 40.
Bxe5+ Kg8 41. Kh2 Rg6 42. Kh3 Kf7 43. b5 Ke6 44. Bb8 Rg7 45. Kxh4 Kd5 46. f3
Rxg2 47. fxe4+ Kxe4 48. Bxa7 Rg6 49. Kh5 Re6 50. Kg5 Re5 51. Bxb6 Rxb5 52. Bc7
f4+ 53. Kg4 fxe3 54. Kg3 Rf5 55. Kg2 e2 0-1

[Event "Russian Championship B13 1st league 2016"]
[Site "Loo"]
[Date "2016.04.23"]
[Round "4.18"]
[White "Bukatin, Arseny"]
[Black "Kitaev, Roman"]
[Result "1/2-1/2"]
[WhiteElo "1620"]
[BlackElo "1744"]
[PlyCount "92"]
[EventDate "2016.04.20"]

1. e4 c5 2. Nf3 d6 3. d4 cxd4 4. Nxd4 Nf6 5. Nc3 a6 6. Bg5 Nbd7 7. f4 e6 8. Qf3
Qc7 9. O-O-O Be7 10. g4 b5 11. Bxf6 Nxf6 12. g5 Nd7 13. f5 Ne5 14. Qf4 b4 15.
Nce2 h6 16. gxh6 gxh6 17. h4 exf5 18. Nxf5 Bxf5 19. Qxf5 Qd7 20. Nd4 Qd8 21.
Nf3 Nxf3 22. Qxf3 Qa5 23. Bc4 Qe5 24. Bxf7+ Kd7 25. Qf5+ Qxf5 26. exf5 Rhf8 27.
Bg6 Rac8 28. Kb1 Rc5 29. h5 Bf6 30. Rhe1 Be5 31. Re2 Ke7 32. Red2 Rfc8 33. Rd5
Rxd5 34. Rxd5 Rc5 35. Rxc5 dxc5 36. a3 a5 37. axb4 axb4 38. b3 Kf6 39. Kc1 Bd4
40. Kd2 Bc3+ 41. Kd3 Be1 42. Kc4 Bf2 43. c3 bxc3 44. Kxc3 Bd4+ 45. Kc4 Bf2 46.
Kd5 Bg1 1/2-1/2

[Event "Russian Championship B13 1st league 2016"]
[Site "Loo"]
[Date "2016.04.23"]
[Round "4.19"]
[White "Arbuzov, Timofey"]
[Black "Onishchenko, Gennady"]
[Result "1-0"]
[WhiteElo "1739"]
[BlackElo "1612"]
[PlyCount "45"]
[EventDate "2016.04.20"]

1. d4 d5 2. Nc3 e6 3. e4 dxe4 4. Nxe4 Bb4+ 5. c3 Be7 6. Bd3 Nf6 7. Nf3 c6 8.
Qe2 Nbd7 9. Neg5 c5 10. Nxf7 Kxf7 11. Ng5+ Ke8 12. Qxe6 Ne5 13. Qxe5 Kf8 14.
Bc4 Bd6 15. Nf7 Bxe5 16. Nxd8 cxd4 17. Nf7 Nd7 18. cxd4 Bxd4 19. Nxh8 Ne5 20.
Bb3 g6 21. Bh6+ Ke7 22. O-O-O Bf5 23. Bg5+ 1-0

[Event "Russian Championship B13 1st league 2016"]
[Site "Loo"]
[Date "2016.04.23"]
[Round "4.20"]
[White "Traschenko, Damir"]
[Black "Khanzhin, Timur"]
[Result "1/2-1/2"]
[WhiteElo "1733"]
[BlackElo "1582"]
[PlyCount "76"]
[EventDate "2016.04.20"]

1. e4 c6 2. d4 d5 3. exd5 cxd5 4. c4 Nf6 5. Nc3 e6 6. Nf3 Bb4 7. cxd5 Nxd5 8.
Qc2 Qa5 9. Bd2 Nxc3 10. bxc3 Be7 11. Bd3 h6 12. O-O Nd7 13. Rfe1 O-O 14. Ne5
Nf6 15. Qc1 Ba3 16. Qc2 Qc7 17. Bxh6 gxh6 18. Qd2 Re8 19. Qxh6 Bf8 20. Qxf6 Qe7
21. Qf3 Bg7 22. Qh5 b6 23. Re3 Bb7 24. Rg3 f5 25. Qg6 Rac8 26. h4 Rf8 27. h5
Rf6 28. Qg5 Kh7 29. Ng4 Rf7 30. Qg6+ Kh8 31. h6 Bf6 32. h7 fxg4 33. Qxg4 Rg7
34. Qf4 Bg5 35. Qe5 Bf6 36. Qf4 Bg5 37. Qe5 Bf6 38. Qf4 Bg5 1/2-1/2

[Event "Russian Championship B13 1st league 2016"]
[Site "Loo"]
[Date "2016.04.23"]
[Round "4.21"]
[White "Yastrebov, Nikita"]
[Black "Mizirenkov, Stepan Dmitriev"]
[Result "1-0"]
[WhiteElo "1725"]
[BlackElo "1567"]
[PlyCount "65"]
[EventDate "2016.04.20"]

1. d4 Nf6 2. Nf3 d5 3. Bf4 e6 4. e3 Bd6 5. Ne5 O-O 6. c3 Nbd7 7. Bd3 c5 8. Nxf7
Rxf7 9. Bxd6 Qb6 10. dxc5 Qxb2 11. Qc2 Qxa1 12. O-O b6 13. c6 Nc5 14. Bxc5 bxc5
15. Nd2 Qxf1+ 16. Kxf1 c4 17. Be2 Rb8 18. Nf3 Ne4 19. Bd1 g5 20. h3 Rb6 21. Kg1
Rf8 22. Kh2 h5 23. Nxg5 Rxf2 24. Be2 Nxg5 25. Qg6+ Kh8 26. Qxg5 Rb2 27. Bf3
Rxa2 28. Kg3 Rfc2 29. Qxh5+ Kg7 30. Qg5+ Kh7 31. Qe7+ Kg6 32. Qe8+ Kf6 33. Qxc8
1-0

[Event "Russian Championship B13 1st league 2016"]
[Site "Loo"]
[Date "2016.04.23"]
[Round "4.22"]
[White "Bokov, Egor"]
[Black "Zakirov, Artur"]
[Result "0-1"]
[WhiteElo "1615"]
[BlackElo "1725"]
[PlyCount "72"]
[EventDate "2016.04.20"]

1. d4 d5 2. c4 e6 3. cxd5 exd5 4. Nc3 c6 5. Qc2 g6 6. Bf4 Bf5 7. Qb3 Qb6 8.
Qxb6 axb6 9. e3 Nf6 10. Nf3 Bb4 11. Nd2 Nbd7 12. Be2 O-O 13. O-O Ra7 14. Ndb1
b5 15. a3 Nb6 16. Na2 Be7 17. Nd2 Na4 18. b3 Nb6 19. Nb4 Rfa8 20. Nd3 Rxa3 21.
Rxa3 Rxa3 22. Nc5 Ra2 23. Rd1 Nbd7 24. Nxb7 Bc2 25. Rc1 Ba3 26. Re1 Bb4 27. e4
Nxe4 28. Bg4 Nxd2 29. Bxd7 Nf3+ 30. gxf3 Bxe1 31. Bxc6 Bxb3 32. Bxb5 Bxf2+ 33.
Kf1 Bxd4 34. Bc6 Bc4+ 35. Ke1 Bc3+ 36. Kd1 Bb3+ 0-1

[Event "Russian Championship B13 1st league 2016"]
[Site "Loo"]
[Date "2016.04.23"]
[Round "4.23"]
[White "Ismailov, Amir"]
[Black "Styazhkin, Nikita"]
[Result "1-0"]
[WhiteElo "1714"]
[BlackElo "1562"]
[PlyCount "85"]
[EventDate "2016.04.20"]

1. Nf3 d5 2. g3 Nc6 3. Bg2 Bf5 4. O-O Nb4 5. d3 c6 6. Nbd2 Nf6 7. b3 h6 8. Bb2
e6 9. Re1 Be7 10. a3 Na6 11. Rc1 O-O 12. c4 Rc8 13. e4 Bh7 14. b4 c5 15. cxd5
exd5 16. Bh3 Rc7 17. b5 dxe4 18. dxe4 Nb8 19. Be5 b6 20. Bxc7 Qxc7 21. Bg2 Rd8
22. Qb3 Ng4 23. h3 Ne5 24. Nxe5 Qxe5 25. Nc4 Qc7 26. Rcd1 Rxd1 27. Qxd1 Nd7 28.
e5 Nf8 29. Qd5 Ne6 30. Qa8+ Bf8 31. Rd1 Bc2 32. Rd2 Nd4 33. Nd6 Bb3 34. Bd5
Bxd5 35. Qxd5 Bxd6 36. exd6 Qd7 37. Kg2 Nxb5 38. Qa8+ Kh7 39. Qe4+ Kg8 40. Qe7
Qc6+ 41. Kh2 Nxd6 42. Qxd6 Qf3 43. Qd8+ 1-0

[Event "Russian Championship B13 1st league 2016"]
[Site "Loo"]
[Date "2016.04.23"]
[Round "4.24"]
[White "Kovalev, Kirill"]
[Black "Novikov, Roman"]
[Result "1/2-1/2"]
[WhiteElo "1597"]
[BlackElo "1711"]
[PlyCount "106"]
[EventDate "2016.04.20"]

1. e4 e6 2. d4 d5 3. exd5 exd5 4. Bf4 Bf5 5. Bd3 Bxd3 6. Qxd3 c6 7. Nf3 Nf6 8.
Nbd2 Be7 9. O-O O-O 10. Rfe1 Nbd7 11. Re2 Re8 12. Rae1 Bf8 13. Ne5 Nxe5 14.
Bxe5 Nd7 15. Nf3 Nxe5 16. Nxe5 Qc7 17. h3 Bd6 18. Qf5 Re7 19. Nf3 Rae8 20. Qd3
Qd7 21. Rxe7 Rxe7 22. Rxe7 Qxe7 23. Kf1 Qe6 24. Ng5 Qg6 25. Qxg6 hxg6 26. Ke2
Kf8 27. Kd3 Ke7 28. b3 f6 29. Nf3 Ke6 30. Nd2 c5 31. c4 b6 32. dxc5 Bxc5 33.
cxd5+ Kxd5 34. f3 f5 35. Nc4 b5 36. Nd2 Bb4 37. Nf1 Ke5 38. Ne3 Bc5 39. Nf1 Bd4
40. Nd2 Kd5 41. Nf1 Kc5 42. Nd2 Be5 43. Nb1 Bf4 44. Nc3 Be5 45. Nb1 a5 46. a3
a4 47. bxa4 bxa4 48. Nc3 Bd6 49. Nxa4+ Kc6 50. Nc3 Bxa3 51. Ne2 Be7 52. Nf4 g5
53. Ne2 Kd5 1/2-1/2

[Event "Russian Championship B13 1st league 2016"]
[Site "Loo"]
[Date "2016.04.23"]
[Round "4.25"]
[White "Efanov, Aleksey"]
[Black "Chuklin, Ivan"]
[Result "1/2-1/2"]
[WhiteElo "1693"]
[BlackElo "1557"]
[PlyCount "91"]
[EventDate "2016.04.20"]

1. e4 c6 2. d4 d5 3. f3 dxe4 4. fxe4 Nf6 5. Nc3 Bg4 6. Be2 Bxe2 7. Ngxe2 e6 8.
Ng3 Be7 9. O-O O-O 10. Be3 Nbd7 11. e5 Nd5 12. Nxd5 cxd5 13. c3 Bg5 14. Qd2
Bxe3+ 15. Qxe3 Re8 16. Qf4 Qe7 17. Nh5 g6 18. Nf6+ Nxf6 19. Qxf6 Qxf6 20. Rxf6
Kg7 21. Kf2 b5 22. Ke3 Rab8 23. Kd3 Rec8 24. Rc1 b4 25. b3 bxc3 26. Rxc3 h5 27.
Rf2 Rxc3+ 28. Kxc3 Kf8 29. Kb2 Ke7 30. Ka3 Rc8 31. Kb2 g5 32. g3 Rb8 33. Rc2
Kd7 34. Rc5 Rf8 35. Ra5 Ra8 36. Ra6 Ke7 37. b4 f5 38. exf6+ Kxf6 39. b5 Rb8 40.
Rxa7 Rxb5+ 41. Kc2 Rb4 42. Kc3 Rc4+ 43. Kd3 Kf5 44. h3 e5 45. dxe5 Kxe5 46.
Re7+ 1/2-1/2

[Event "Russian Championship B13 1st league 2016"]
[Site "Loo"]
[Date "2016.04.23"]
[Round "4.26"]
[White "Koptev, Ruslan"]
[Black "Tsukhaev, Musa"]
[Result "1-0"]
[WhiteElo "1691"]
[BlackElo "1518"]
[PlyCount "120"]
[EventDate "2016.04.20"]

1. e4 c5 2. Nf3 d6 3. d4 cxd4 4. Qxd4 Nc6 5. Bb5 Bd7 6. Bxc6 bxc6 7. Nc3 Nf6 8.
h3 g6 9. e5 dxe5 10. Nxe5 Bg7 11. Nxd7 Qxd7 12. Qxd7+ Nxd7 13. Ne4 O-O 14. c3
Ne5 15. Ke2 Rfd8 16. b3 Nd3 17. Rd1 Nxc1+ 18. Raxc1 f5 19. Rxd8+ Rxd8 20. Nc5
Kf7 21. b4 e5 22. Rd1 Rxd1 23. Kxd1 Bf8 24. Nb3 Ke6 25. Kc2 Be7 26. Kd3 Kd5 27.
c4+ Ke6 28. a3 a6 29. f3 h5 30. g3 g5 31. Ke3 Bd6 32. g4 hxg4 33. hxg4 Be7 34.
gxf5+ Kxf5 35. c5 Bd8 36. Nd2 a5 37. Nc4 axb4 38. axb4 Bc7 39. Na5 Ke6 40. Nxc6
Kd5 41. Na5 e4 42. fxe4+ Ke6 43. Nc4 g4 44. b5 Kd7 45. c6+ Kd8 46. e5 g3 47.
Kf3 g2 48. Kxg2 Bb8 49. b6 Kc8 50. c7 Bxc7 51. bxc7 Kxc7 52. Kf3 Kc6 53. Ke4
Kd7 54. Kd5 Ke7 55. e6 Ke8 56. Kd6 Kd8 57. e7+ Ke8 58. Nd2 Kf7 59. Kd7 Kf6 60.
e8=Q Kf5 1-0

[Event "Russian Championship B13 1st league 2016"]
[Site "Loo"]
[Date "2016.04.23"]
[Round "4.27"]
[White "Smelykh, Edvin"]
[Black "Tsybulkin, Ivan"]
[Result "1-0"]
[WhiteElo "1595"]
[BlackElo "1685"]
[PlyCount "87"]
[EventDate "2016.04.20"]

1. e4 c5 2. Nf3 e6 3. d4 cxd4 4. Nxd4 a6 5. Nc3 Qc7 6. Bd3 Bc5 7. Nb3 Be7 8.
O-O Nf6 9. Re1 d6 10. a4 b6 11. Bf4 Nbd7 12. Nd2 Bb7 13. f3 Rc8 14. Nc4 Qc6 15.
Bf1 d5 16. exd5 Nxd5 17. Nxd5 Qxd5 18. Qxd5 Bxd5 19. Ne3 Bb7 20. c3 O-O 21.
Rad1 Nc5 22. b4 Bh4 23. bxc5 Bxe1 24. Rxe1 e5 25. Bg3 Rxc5 26. Nf5 Rxc3 27.
Bxe5 Rc5 28. Ne7+ Kh8 29. Bd6 Ra5 30. Ng6+ hxg6 31. Bxf8 Rxa4 32. Re7 Bd5 33.
Ra7 b5 34. Kf2 Ra1 35. Bd3 Ra2+ 36. Kg3 Ra4 37. Rd7 Be6 38. Rd6 Kh7 39. h4 Kh6
40. Be7 Kh5 41. Bg5 Bf5 42. Be2 Ra2 43. Bd1 Ra3 44. Rd8 1-0

[Event "Russian Championship B13 1st league 2016"]
[Site "Loo"]
[Date "2016.04.23"]
[Round "4.28"]
[White "Tishkin, Boris"]
[Black "Goryachev, Ivan"]
[Result "1-0"]
[WhiteElo "1561"]
[BlackElo "1670"]
[PlyCount "103"]
[EventDate "2016.04.20"]

1. d4 Nf6 2. c4 g6 3. Nc3 Bg7 4. e4 d6 5. Nf3 O-O 6. Be2 Nbd7 7. O-O c5 8. d5
Nb6 9. Qc2 Bg4 10. Nd2 Bxe2 11. Nxe2 Ng4 12. h3 Ne5 13. f4 Ned7 14. Nf3 Qc7 15.
Ng3 Rfe8 16. Ng5 Rf8 17. Re1 a6 18. Bd2 Nc8 19. a4 Bd4+ 20. Kh2 Bg7 21. Bc3 Re8
22. Bxg7 Kxg7 23. Qc3+ Kg8 24. h4 Qb6 25. b3 Qb4 26. Qb2 Ncb6 27. Re2 Nf6 28.
a5 Ng4+ 29. Kh3 Nxc4 30. bxc4 Qxb2 31. Rxb2 Nf6 32. Rxb7 Reb8 33. Rab1 Rxb7 34.
Rxb7 Kf8 35. e5 dxe5 36. fxe5 Nh5 37. Nxh5 gxh5 38. Nxh7+ Kg7 39. Ng5 Kf8 40.
Kg3 f6 41. exf6 exf6 42. Ne6+ Kg8 43. Kf4 Kh8 44. Kf5 Rg8 45. Kxf6 Rc8 46. Kg6
Rg8+ 47. Kh6 Rxg2 48. Rb8+ Rg8 49. Rxg8+ Kxg8 50. Kg6 Kh8 51. d6 Kg8 52. d7 1-0

[Event "Russian Championship B13 1st league 2016"]
[Site "Loo"]
[Date "2016.04.23"]
[Round "4.29"]
[White "Shvetko, Roman"]
[Black "Peregudov, Denis"]
[Result "0-1"]
[WhiteElo "1667"]
[BlackElo "1517"]
[PlyCount "112"]
[EventDate "2016.04.20"]

1. d4 e6 2. c4 d5 3. Nc3 Nf6 4. Bg5 Nbd7 5. e3 c6 6. Nf3 Qa5 7. Bxf6 Nxf6 8. a3
Ne4 9. Qc2 Bb4 10. Rc1 Bxc3+ 11. bxc3 Qxa3 12. cxd5 exd5 13. Bd3 Nf6 14. O-O
O-O 15. Ra1 Qe7 16. Rfb1 h6 17. Ne5 Ng4 18. Nxg4 Bxg4 19. Qb3 Bc8 20. Rb2 a6
21. Bb1 b5 22. Qc2 f5 23. Ba2 Qe4 24. Qd2 Qe7 25. Re1 Qg5 26. Qc1 Kh8 27. Bb1
a5 28. Ra2 a4 29. Bc2 Bd7 30. Qa3 Qf6 31. g3 Rae8 32. Raa1 Rf7 33. Kf1 Rfe7 34.
Ke2 f4 35. gxf4 Qxf4 36. Kd1 Qxf2 37. Bg6 Bg4+ 38. Kc1 Qxe1+ 39. Kb2 Qf2+ 40.
Bc2 Bf5 41. Rc1 Bxc2 42. Rxc2 Qxe3 43. Qc5 Qe6 44. Ka3 Qd7 45. Rf2 Rf7 46. Rxf7
Qxf7 47. Qxc6 Rb8 48. Qd6 Qb7 49. Qc5 Qc8 50. Qxd5 Qxc3+ 51. Ka2 Qc4+ 52. Qxc4
bxc4 53. Ka3 c3 54. Kxa4 c2 55. Ka3 c1=Q+ 56. Ka2 Qb2# 0-1

[Event "Russian Championship B13 1st league 2016"]
[Site "Loo"]
[Date "2016.04.23"]
[Round "4.30"]
[White "Karavaev, Aleksandr"]
[Black "Dyatlov, Oleg"]
[Result "0-1"]
[WhiteElo "1662"]
[BlackElo "1469"]
[PlyCount "64"]
[EventDate "2016.04.20"]

1. e4 e6 2. d4 d5 3. e5 c5 4. c3 Qb6 5. Nf3 Nc6 6. Be2 cxd4 7. cxd4 Nge7 8. Na3
Nf5 9. Nc2 Bb4+ 10. Kf1 h5 11. Bd3 Nh6 12. h3 Bd7 13. Rb1 Be7 14. b4 Rc8 15.
Bd2 f5 16. exf6 Bxf6 17. Bg6+ Kd8 18. Bg5 Bxg5 19. Nxg5 Kc7 20. Nf7 Nxf7 21.
Bxf7 h4 22. a4 Kb8 23. Qg4 Ne7 24. Qxg7 Nf5 25. Qe5+ Qc7 26. Ne3 Qxe5 27. dxe5
Nxe3+ 28. fxe3 Rhf8 29. Ke2 Rxf7 30. Rb2 Bxa4 31. Ra1 Bb5+ 32. Ke1 Rf1+ 0-1

[Event "Russian Championship B13 1st league 2016"]
[Site "Loo"]
[Date "2016.04.23"]
[Round "4.31"]
[White "Boktaev, Adyan"]
[Black "Maximov, Mihail"]
[Result "1/2-1/2"]
[WhiteElo "1657"]
[BlackElo "1450"]
[PlyCount "81"]
[EventDate "2016.04.20"]

1. d4 Nf6 2. c4 e6 3. Nc3 Bb4 4. Bd2 O-O 5. Nf3 d5 6. e3 c5 7. a3 Bxc3 8. Bxc3
Nc6 9. Bd3 cxd4 10. exd4 dxc4 11. Bxc4 Ne4 12. O-O Nxc3 13. bxc3 Re8 14. Re1
Na5 15. Bd3 Nc6 16. Ne5 Qc7 17. Qh5 g6 18. Qh6 Nxe5 19. Rxe5 Qxc3 20. Rd1 Qxd4
21. Rh5 Qg7 22. Qxg7+ Kxg7 23. Rc5 Rd8 24. Rc7 Rd7 25. Rxd7 Bxd7 26. Bxg6 hxg6
27. Rxd7 Rb8 28. f4 a5 29. a4 b5 30. axb5 Rxb5 31. Ra7 Rf5 32. g3 Rb5 33. Kg2
e5 34. fxe5 Rxe5 35. Kf3 Rb5 36. h4 Rb3+ 37. Kg2 Ra3 38. g4 Ra4 39. Kf3 Ra3+
40. Kf4 Rb3 41. Rxa5 1/2-1/2

[Event "Russian Championship B13 1st league 2016"]
[Site "Loo"]
[Date "2016.04.23"]
[Round "4.32"]
[White "Frolov, Artem"]
[Black "Shakirov, Marat"]
[Result "0-1"]
[WhiteElo "1359"]
[BlackElo "1648"]
[PlyCount "57"]
[EventDate "2016.04.20"]

1. e4 e5 2. d4 exd4 3. Qxd4 Nc6 4. Qe3 Nf6 5. Nc3 Bb4 6. Bd2 O-O 7. O-O-O Re8
8. f3 d5 9. Be1 Qe7 10. Nxd5 Nxd5 11. Rxd5 Bxe1 12. Qxe1 Be6 13. Rd1 Bxa2 14.
b3 Qa3+ 15. Kd2 Qb2 16. Bd3 Rad8 17. Ke3 Nd4 18. Rd2 Qc3 19. Kf2 Bxb3 20. Ne2
Nxe2 21. Kxe2 Bc4 22. Qf2 f5 23. Qxa7 fxe4 24. fxe4 Rxe4+ 25. Kf3 Re6 26. g3
Bd5+ 27. Kf2 Qxd2+ 28. Kg1 Re1+ 29. Bf1 0-1

[Event "Russian Championship B13 1st league 2016"]
[Site "Loo"]
[Date "2016.04.23"]
[Round "4.33"]
[White "Zhuravlev, Ignat"]
[Black "Serov, Aleksandr"]
[Result "1/2-1/2"]
[WhiteElo "1645"]
[BlackElo "1349"]
[PlyCount "120"]
[EventDate "2016.04.20"]

1. e4 c6 2. d4 d5 3. exd5 cxd5 4. Bd3 Nc6 5. c3 Nf6 6. h3 g6 7. Bf4 Bg7 8. Nd2
O-O 9. Ngf3 Bf5 10. Bxf5 gxf5 11. O-O Kh8 12. Ne5 e6 13. Nb3 Qe7 14. Nc5 Nd8
15. Ncd3 Rg8 16. Qd2 Qf8 17. Qe3 Ne4 18. Nd7 Qe7 19. N7c5 Nxc5 20. Nxc5 Qf6 21.
g3 Qg6 22. Kh2 Bf8 23. Nd7 Nc6 24. Ne5 Nxe5 25. Bxe5+ Bg7 26. Bf4 Rac8 27. Rae1
Rc6 28. a3 b5 29. Qd3 a6 30. Rg1 Bh6 31. Qe3 Bxf4 32. Qxf4 Qg5 33. Qe5+ Qg7 34.
Qe2 Qf6 35. Qf3 Rg6 36. Re5 Rc8 37. Ree1 Rcg8 38. Qf4 Qg5 39. Qxg5 Rxg5 40. f3
a5 41. g4 fxg4 42. Rxg4 Rf5 43. Re3 Rb8 44. h4 Rg8 45. Kg3 a4 46. Rxg8+ Kxg8
47. Re5 Rf6 48. h5 Kf8 49. Kg4 Ke7 50. f4 h6 51. Re2 Kd6 52. Re5 Kc6 53. f5 Kd6
54. Kf4 exf5 55. Rxf5 Ke6 56. Rxf6+ Kxf6 57. Kg4 Ke6 58. Kf4 f5 59. Kf3 Kf7 60.
Kg3 Kg7 1/2-1/2

[Event "Russian Championship B13 1st league 2016"]
[Site "Loo"]
[Date "2016.04.23"]
[Round "4.34"]
[White "Amirov, Ramil"]
[Black "Poiseev, Nikita"]
[Result "1-0"]
[WhiteElo "1773"]
[BlackElo "1323"]
[PlyCount "77"]
[EventDate "2016.04.20"]

1. e4 d6 2. d4 Nf6 3. Nc3 g6 4. f3 Bg7 5. Be3 O-O 6. Bc4 Nc6 7. Nge2 e5 8. Qd2
a6 9. O-O-O b5 10. Bd3 b4 11. Nb1 a5 12. d5 Ne7 13. Bh6 c5 14. Bxg7 Kxg7 15. g4
Qc7 16. Bc4 Ba6 17. b3 Bxc4 18. bxc4 a4 19. h4 Rfb8 20. h5 Qb7 21. hxg6 fxg6
22. Qh6+ Kf7 23. g5 Nh5 24. Rxh5 gxh5 25. Qxh5+ Kg7 26. Rh1 Rh8 27. Qh6+ Kg8
28. Qe6+ Kf8 29. Qf6+ Kg8 30. Ng3 b3 31. cxb3 axb3 32. axb3 Ra2 33. Qe6+ Kf8
34. Nf5 Nxf5 35. exf5 h6 36. f6 Qh7 37. g6 Qxg6 38. Qe7+ Kg8 39. f7+ 1-0

[Event "Russian Championship B13 1st league 2016"]
[Site "Loo"]
[Date "2016.04.23"]
[Round "4.35"]
[White "Burdin, Shahrom"]
[Black "Buyukli, Egor"]
[Result "1-0"]
[WhiteElo "1514"]
[BlackElo "1754"]
[PlyCount "137"]
[EventDate "2016.04.20"]

1. e4 e6 2. d4 d5 3. exd5 exd5 4. Nf3 Bg4 5. h3 Be6 6. Bd3 Nc6 7. c3 Bd6 8. Be3
Nge7 9. Nbd2 Qd7 10. Qc2 h6 11. O-O-O O-O-O 12. Rhe1 f5 13. Nb3 b6 14. Qe2 Bf7
15. Ba6+ Kb8 16. Qb5 Ng6 17. Nc5 Bxc5 18. dxc5 Rhe8 19. cxb6 axb6 20. Nd4 Nxd4
21. Bxd4 Be6 22. Qxd7 Bxd7 23. Bd3 Nf4 24. Rxe8 Rxe8 25. g3 Nxh3 26. f4 g5 27.
Bf1 g4 28. Bxh3 gxh3 29. Rh1 Bb5 30. Rxh3 Re2 31. Rxh6 Re1+ 32. Kc2 Re2+ 33.
Kb3 Bc4+ 34. Ka3 c5 35. Rxb6+ Kc7 36. Bxc5 Re1 37. b3 Bd3 38. Bd4 Re2 39. Rg6
Bb1 40. g4 Rxa2+ 41. Kb4 fxg4 42. Rxg4 Ra6 43. Rg7+ Kc6 44. Ra7 Rxa7 45. Bxa7
Bd3 46. c4 dxc4 47. bxc4 Kd6 48. Kc3 Bf5 49. Kd4 Bd7 50. c5+ Ke6 51. Bb8 Bc6
52. Kc4 Bd7 53. Kb4 Kd5 54. Bd6 Be6 55. Kb5 Bd7+ 56. Kb6 Bc8 57. Kc7 Be6 58. c6
Bf7 59. f5 Be8 60. f6 Ke6 61. Be7 Kf7 62. Kd6 Bxc6 63. Kxc6 Ke8 64. Kc7 Kf7 65.
Kd7 Kg8 66. Ke8 Kh8 67. f7 Kh7 68. f8=Q Kg6 69. Qf6+ 1-0

[Event "Russian Championship B13 1st league 2016"]
[Site "Loo"]
[Date "2016.04.23"]
[Round "4.36"]
[White "Sobashnikov, Ivan"]
[Black "Voropaev, Fedor"]
[Result "1-0"]
[WhiteElo "1525"]
[BlackElo "1740"]
[PlyCount "53"]
[EventDate "2016.04.20"]

1. d4 d5 2. c4 e6 3. cxd5 exd5 4. Nc3 Nc6 5. Nf3 Nf6 6. Bf4 Bd6 7. Bxd6 Qxd6 8.
e3 a6 9. a3 O-O 10. Bd3 Bg4 11. h3 Bxf3 12. Qxf3 Rfe8 13. O-O Na5 14. Rfd1 c5
15. dxc5 Qxc5 16. Bb1 Nc4 17. Nxd5 Nxb2 18. Nxf6+ gxf6 19. Rd7 Qc6 20. Bxh7+
Kf8 21. Rxb7 Qxf3 22. gxf3 Nc4 23. Rc1 Nxa3 24. Rcc7 Re6 25. Rxf7+ Ke8 26. Bg6
Kd8 27. Rf8+ 1-0

[Event "Russian Championship B13 1st league 2016"]
[Site "Loo"]
[Date "2016.04.23"]
[Round "4.37"]
[White "Zhuravlev, Aleksandr"]
[Black "Zaspanov, Konstantin"]
[Result "1/2-1/2"]
[WhiteElo "1695"]
[BlackElo "1527"]
[PlyCount "131"]
[EventDate "2016.04.20"]

1. Nf3 Nf6 2. g3 g6 3. Bg2 Bg7 4. O-O O-O 5. c4 d6 6. d4 c5 7. Nc3 cxd4 8. Nxd4
a6 9. b3 Qc7 10. Bb2 Bd7 11. Nd5 Nxd5 12. cxd5 Qd8 13. Qd2 a5 14. e4 Na6 15.
Nf3 Nc5 16. Bxg7 Kxg7 17. Qd4+ Kg8 18. Nd2 Rc8 19. f4 e6 20. dxe6 Nxe6 21. Qe3
Re8 22. Rfd1 b5 23. Nf3 Qe7 24. Qd2 Bc6 25. Qxd6 Bxe4 26. Qxe7 Rxe7 27. Rac1
Rce8 28. Ne5 Bxg2 29. Kxg2 Ng7 30. Rc5 Nf5 31. Kf3 f6 32. Ng4 Re6 33. Rd3 h5
34. Nf2 Re2 35. Rxb5 Rxa2 36. Ne4 Kg7 37. Rd7+ Re7 38. Rbb7 Kf7 39. Rxe7+ Nxe7
40. Rb6 Ra3 41. Rxf6+ Kg7 42. Rb6 a4 43. Nc5 axb3 44. Rxb3 Rxb3+ 45. Nxb3 Nf5
46. Ke4 Nd6+ 47. Kd5 Nf5 48. Nd4 Kf6 49. Nf3 Ne3+ 50. Ke4 Nf5 51. Ne5 Nd6+ 52.
Kd5 Nf5 53. Nd7+ Ke7 54. Nc5 Ne3+ 55. Ke4 Nf1 56. Nd3 Nxh2 57. Ne5 Kf6 58. Nd7+
Kg7 59. Ne5 Nf1 60. Kf3 Nd2+ 61. Ke3 Nb3 62. Nd3 Kf6 63. Ke4 Nd2+ 64. Ke3 Nc4+
65. Kf3 Kf5 66. Nf2 1/2-1/2

[Event "Russian Championship B13 1st league 2016"]
[Site "Loo"]
[Date "2016.04.23"]
[Round "4.38"]
[White "Kazakov, Gleb"]
[Black "Smirnov, Mark A"]
[Result "1-0"]
[WhiteElo "1447"]
[BlackElo "1637"]
[PlyCount "119"]
[EventDate "2016.04.20"]

1. e4 c5 2. Nf3 d6 3. d4 cxd4 4. Nxd4 Nf6 5. f3 g6 6. c4 Bg7 7. Nc3 O-O 8. Be2
Nc6 9. Be3 Nxd4 10. Bxd4 Be6 11. O-O Nd7 12. Bxg7 Kxg7 13. Nd5 Bxd5 14. cxd5
Rc8 15. Rc1 Qb6+ 16. Kh1 a6 17. Rc2 Rc7 18. Rxc7 Qxc7 19. Qd4+ Kg8 20. Qc4 Qxc4
21. Bxc4 Rc8 22. Bb3 Ne5 23. Rd1 g5 24. Kg1 b5 25. Rd2 Kg7 26. Rc2 Rxc2 27.
Bxc2 Kf6 28. Kf2 Nc4 29. b3 Nb6 30. Ke3 Ke5 31. g3 Nd7 32. h3 h6 33. a3 Nc5 34.
b4 Nd7 35. a4 Nb6 36. f4+ gxf4+ 37. gxf4+ Kf6 38. axb5 Nc4+ 39. Kd4 axb5 40.
Bd3 Na3 41. Kc3 e6 42. Kb3 Nc4 43. Bxc4 bxc4+ 44. Kxc4 e5 45. fxe5+ Kxe5 46. b5
Kxe4 47. b6 f5 48. b7 f4 49. b8=Q f3 50. Qb1+ Ke3 51. Qf1 f2 52. Kb5 Kf3 53.
Kc6 Kg3 54. Kxd6 h5 55. Ke6 h4 56. d6 Kf3 57. d7 Kg3 58. d8=R Kf3 59. Rf8+ Ke4
60. Rxf2 1-0